Henrik Ibsen's theatre aesthetic and dramatic art : a reflection of Kierkegaardian consciousness, its significance for modern dramatic interpretation and the American theatre : dobbeltreflexion i 2ieblikket /

Bibliographic Details
Main Author: Tammany, Jane Ellert
Format: Book
Language:English
Published: New York : Philosophical Library, [1980]
Subjects:

MARC

Tag First Indicator Second Indicator Subfields
LEADER 00000cam a2200000 a 4500
001 in00000091791
005 20150923131832.0
008 810116s1980 nyuaf b 00010 engm
010 |a  79092436  
020 |a 0802223656 :  |c $22.50 
035 |a (OCoLC)07182450 
035 |9 AAK7126AM 
040 |a DLC  |c DLC  |d m.c.  |d TXA  |d UtOrBLW 
049 |a TXAM  |c [1482128] 
050 0 0 |a PT8895  |b  T35 
082 0 |a 839.8/226  |2 19 
100 1 |a Tammany, Jane Ellert. 
245 1 0 |a Henrik Ibsen's theatre aesthetic and dramatic art :  |b a reflection of Kierkegaardian consciousness, its significance for modern dramatic interpretation and the American theatre : dobbeltreflexion i 2ieblikket /  |c Jane Ellert Tammany. 
264 1 |a New York :  |b Philosophical Library,  |c [1980] 
264 4 |c ©1980 
300 |a xxvi, 395 pages, 8 unnumbered pages of plates :  |b illustrations (some color) ;  |c 22 cm. 
336 |a text  |b txt  |2 rdacontent 
337 |a unmediated  |b n  |2 rdamedia 
338 |a volume  |b nc  |2 rdacarrier 
504 |a Bibliography: pages 389-395. 
600 1 0 |a Ibsen, Henrik,  |d 1828-1906  |x Aesthetics. 
600 1 0 |a Ibsen, Henrik,  |d 1828-1906  |x Criticism and interpretation. 
600 1 0 |a Kierkegaard, Søren,  |d 1813-1855  |x Aesthetics. 
999 |a MARS 
999 f f |s 26e2b073-6e79-3d2d-be24-d3798a53f1fe  |i 1e9bc643-af89-3452-b6ee-e62b5eff07c7  |t 0 
952 f f |p normal  |a Texas A&M University  |b College Station  |c Sterling C. Evans Library  |d Evans: Library Stacks  |t 0  |e PT8895 T35  |h Library of Congress classification  |i unmediated -- volume  |m A14806004635 
998 f f |a PT8895 T35  |t 0  |l Evans: Library Stacks